00335nam a2200133Ia 4500008004000000082001700040100002100057245002000078260004000098300001400138650001200152650001200164700002500176210210b1978 xxu||||| |||| 00| 0 eng d a612.014 CAMM aCAMERON (John R) aMedical physics aNew YorkbJohn Wiley and Sonsc1978 axviii,615 aphysics aMedical aSKOFRONICK (James G)